Akú podobu bude mať EÚ v 21. storočí?

Salvato in:
Dettagli Bibliografici
Autore principale: Kittová, Zuzana, 1975-
Natura: Capitolo di libro
Lingua:slovacco
Soggetti:
Tags: Aggiungi Tag
Nessun Tag, puoi essere il primo ad aggiungerne!!

MARC

LEADER 00000naa$a2200000$$$4500
001 0251462
005 20240502074032.5
041 0 |a slo 
044 |a SK 
245 1 0 |a Akú podobu bude mať EÚ v 21. storočí?  |c Zuzana Kittová 
610 2 0 |a Európska únia 
610 2 0 |a prognózy 
610 2 0 |a prognózy dlhodobé 
610 2 0 |a prognózy hospodárske medzinárodné 
610 2 0 |a vývoj hospodársky 
100 1 |a Kittová, Zuzana, 1975-